000 02934pam a22003254a 4500
001 5348353
003 ARRUPE
005 20131203131956.0
008 040507s2005 nyuaf b 001 0beng
010 _a 2004010795
015 _aGBA518012
_2bnb
016 7 _a013124207
_2Uk
020 _a019517433X (hardcover : alk. paper)
035 _a(OCoLC)ocm55220373
035 _a(NNC)5348353
040 _aDLC
_cDLC
_dYDX
_dUKM
_dOrLoB-B
042 _apcc
050 0 0 _aB945.P584
_bS365 2004
082 0 0 _a192
_aB
_222
100 1 _aScott, William T.
_q(William Taussig),
_d1916-
_94709
245 1 0 _aMichael Polanyi :
_bscientist and philosopher /
_cWilliam Taussig Scott and Martin X. Moleski.
260 _aOxford [England] ;
_aNew York :
_bOxford University Press,
_c2005.
300 _axx, 364 p., [10] p. of plates :
_bill. ;
_c25 cm.
504 _aIncludes bibliographical references (p. [297]-350) and index.
520 1 _a"Michael Polanyi was one of the great figures of European intellectual life in the twentieth century: An acclaimed physical chemist in the first period of his career, Polanyi became a celebrated philosopher after World War II. He taught in Germany, England, and the United States and associated with many of the leading intellects of his time." "As he witnessed the great wars and social revolutions of the twentieth century, Polanyi realized that the misleading ideals of objectivity derived from science were poisoning society at large. Polanyi was so convinced of the need to set things right that he left the laboratory and embarked on a career in economics, social analysis, and philosophy to discover and affirm the foundation of personal knowledge on which authentic science and humane societies are based. Theologians and religious thinkers were among the first to appreciate his philosophical ideas and in his late writing Polanyi tried more directly to discuss religion and religious knowledge, generating much scholarly debate. He was convinced that his philosophy of science would support a renewal of the religious and ethical traditions on which Western civilization depends." "The late William Taussig Scott spent seventeen years investigating Polanyi's work in science and the humanities, chasing down every source, and even studying Polanyi's native Hungarian in an effort to prepare himself to write this biography. He conducted some 125 interviews with people who knew Polanyi well - family, colleagues, and friends - and pursued research in Budapest, Berlin, Karlsruhe, Manchester, New York, Oxford, and Chicago, in Hungarian, German, and English. Following Scott's death, Martin X. Moleski, S.J., brought the project to completion. This long-awaited volume will be the definitive resource on Polanyi and his work."--BOOK JACKET.
600 1 0 _aPolanyi, Michael,
_d1891-1976.
_94710
700 1 _aMoleski, Martin X.,
_d1952-
_94711
900 _bTOC
942 _2lcc
_cMONOGRAPH
999 _c118940
_d118940